Slavery and social death : (Record no. 19796)

MARC details
000 -LEADER
fixed length control field 00832pam a2200265 a 4500
001 - CONTROL NUMBER
control field 4695678
003 - CONTROL NUMBER IDENTIFIER
control field BDDh-ASL
005 - DATE AND TIME OF LATEST TRANSACTION
control field 20231015025816.0
008 - FIXED-LENGTH DATA ELEMENTS--GENERAL INFORMATION
fixed length control field 820217s1982 maub b 001 0 eng
010 ## - LIBRARY OF CONGRESS CONTROL NUMBER
LC control number 82001072
020 ## - INTERNATIONAL STANDARD BOOK NUMBER
International Standard Book Number 0674810821
040 ## - CATALOGING SOURCE
Original cataloging agency DLC
Transcribing agency DLC
Modifying agency DLC
-- BDDh-ASL
050 00 - LIBRARY OF CONGRESS CALL NUMBER
Classification number HT871
Item number .P37 1982
082 00 - DEWEY DECIMAL CLASSIFICATION NUMBER
Classification number 306.362
Edition number 19
Item number PAS
100 1# - MAIN ENTRY--PERSONAL NAME
Personal name Patterson, Orlando,
Dates associated with a name 1940-
245 10 - TITLE STATEMENT
Title Slavery and social death :
Remainder of title a comparative study /
Statement of responsibility, etc. Orlando Patterson.
260 ## - PUBLICATION, DISTRIBUTION, ETC.
Place of publication, distribution, etc. Cambridge, Mass. :
Name of publisher, distributor, etc. Harvard University Press,
Date of publication, distribution, etc. 1982.
300 ## - PHYSICAL DESCRIPTION
Extent xiii, 511 p. :
Other physical details maps ;
Dimensions 25 cm.
504 ## - BIBLIOGRAPHY, ETC. NOTE
Bibliography, etc. note Includes bibliographical references and index.
650 #0 - SUBJECT ADDED ENTRY--TOPICAL TERM
Topical term or geographic name entry element Slavery.
650 #0 - SUBJECT ADDED ENTRY--TOPICAL TERM
Topical term or geographic name entry element Slaves
General subdivision Psychology.
650 #0 - SUBJECT ADDED ENTRY--TOPICAL TERM
Topical term or geographic name entry element Slaveholders
General subdivision Psychology.
906 ## - LOCAL DATA ELEMENT F, LDF (RLIN)
a 7
b cbc
c orignew
d 1
e ocip
f 19
g y-gencatlg
942 ## - ADDED ENTRY ELEMENTS (KOHA)
Source of classification or shelving scheme Dewey Decimal Classification
Koha item type Books
Holdings
Withdrawn status Lost status Source of classification or shelving scheme Damaged status Not for loan Collection code Home library Current library Shelving location Date acquired Source of acquisition Total Checkouts Full call number Barcode Date last seen Copy number Price effective from Koha item type Public note
    Dewey Decimal Classification   Not For Loan Non-fiction Asiatic Society Library Asiatic Society Library Ludden Collection 12/19/2020 Donated by Prof. David Ludden   306.362 PAS 103180 12/19/2020 C-1 12/19/2020 Books RARE

Powered by Koha